| 000 | 00000nam##2200000za#4500 |
| 001 | 9.667413 |
| 003 | CaOODSP |
| 005 | 20210615123515 |
| 007 | ta |
| 008 | 150407|2006||||xxc||||| f|0| 0 eng|d |
| 020 | |a0-662-49050-9 |
| 040 | |aCaOODSP|beng |
| 041 | |aeng |
| 041 | |afre |
| 043 | |an-cn--- |
| 086 | 1 |aCH1-3/2006 |
| 110 | 1 |aCanada. |bCanadian Heritage. |
| 245 | 10|aGuide to Canadian Heritage financial support programs |
| 260 | |aOttawa - Ontario : |bCanadian Heritage |c2006. |
| 300 | |aEnglish text, [5], 94p. ; |c28 cm. |
| 500 | |a"Spring 2006". |
| 520 | 3 |aThis is a guide to grants, bursaries, tax credits, and other financial support offered by the Department of Canadian Heritage under the following categories: Aboriginal, arts and culture, Canada’s heritage, digital future, multiculturalism, official languages, sport, and youth. A brief description of each program is followed by information about who can apply, when, and where. Because the programs change from time to time, readers are encouraged to visit the Department’s Web site (www.canadianheritage.gc.ca) for the most up-to-date information. |
| 563 | |aSpiral binding |
| 590 | |a06-18|b2006-05-05 |
| 690 | 07|aAid programs|2gcpds |
| 690 | 07|aFinancial assistance|2gcpds |
| 690 | 07|aHeritage|2gcpds |
| 776 | 0#|tGuide des programmes d'appui financier de Patrimoine canadien |w(CaOODSP)9.632643 |
| 776 | 0#|tGuide to Canadian Heritage financial support programs |w(CaOODSP)9.688211 |
| 792 | |tGuide des programmes d'appui financier de Patrimoine canadien |efre|w(CaOODSP)9.667414 |